[Event "ODJM A 2022"]
[Site "Willingen GER"]
[Date "2022.06.08"]
[Round "5"]
[White "Gerlach, Felix"]
[Black "Brockmeyer, Tobias"]
[Result "1-0"]
[Termination "normal"]
[Board "15"]
[WhiteElo "2072"]
[BlackElo "1936"]
[WhiteClock "00:20:56"]
[BlackClock "00:00:53"]
[PlyCount "59"]
[WhiteFideId "12957690"]
[BlackFideId "12982385"]
[EventCountry "GER"]
[EventRounds "9"]
[EventType "swiss"]
[EventDate "2022.06.04"]

1. c4 {[%clk 1:30:59]} Nf6 {[%clk 1:30:58]} 2. g3 {[%clk 1:31:03]} e6 {[%clk
1:31:26]} 3. Bg2 {[%clk 1:31:27]} d5 {[%clk 1:31:52]} 4. Nf3 {[%clk 1:31:54]}
Be7 {[%clk 1:32:17]} 5. O-O {[%clk 1:32:20]} O-O {[%clk 1:32:42]} 6. b3 {[%clk
1:32:47]} b6 {[%clk 1:33:04]} 7. Bb2 {[%clk 1:33:11]} c5 {[%clk 1:33:23]} 8. e3
{[%clk 1:33:16]} Bb7 {[%clk 1:33:47]} 9. Nc3 {[%clk 1:33:42]} Nbd7 {[%clk
1:29:36]} 10. Qe2 {[%clk 1:31:58]} Rc8 {[%clk 1:23:43]} 11. d3 {[%clk 1:31:46]}
Qc7 {[%clk 1:18:36]} 12. Nh4 {[%clk 1:31:36]} Rfd8 {[%clk 1:11:00]} 13. f4
{[%clk 1:29:19]} Qb8 {[%clk 0:43:10]} 14. g4 {[%clk 0:56:48]} dxc4 {[%clk
0:34:44]} 15. bxc4 {[%clk 0:55:45]} e5 {[%clk 0:34:50]} 16. Bxb7 {[%clk
0:50:51]} Qxb7 {[%clk 0:35:09]} 17. g5 {[%clk 0:51:09]} Ne8 {[%clk 0:34:00]}
18. Nd5 {[%clk 0:48:59]} Bd6 {[%clk 0:28:02]} 19. Nf5 {[%clk 0:48:01]} Rb8
{[%clk 0:22:31]} 20. Nxd6 {[%clk 0:41:59]} Nxd6 {[%clk 0:22:28]} 21. fxe5
{[%clk 0:42:24]} Ne8 {[%clk 0:21:00]} 22. Rxf7 {[%clk 0:39:23]} Kxf7 {[%clk
0:17:05]} 23. Qh5+ {[%clk 0:30:22]} Kg8 {[%clk 0:07:01]} 24. Ne7+ {[%clk
0:29:43]} Kh8 {[%clk 0:06:53]} 25. Rf1 {[%clk 0:29:17]} b5 {[%clk 0:01:32]} 26.
g6 {[%clk 0:21:50]} h6 {[%clk 0:01:00]} 27. e6 {[%clk 0:21:39]} Ndf6 {[%clk
0:00:33]} 28. Rxf6 {[%clk 0:21:27]} Qxe7 {[%clk 0:00:32]} 29. Qxh6+ {[%clk
0:20:56]} gxh6 {[%clk 0:00:53]} 30. Rf8# 1-0

[Event "ODJM A 2022"]
[Site "Willingen GER"]
[Date "2022.06.08"]
[Round "5"]
[White "Gallasch, Robin"]
[Black "Lohr, Maximilian"]
[Result "0-1"]
[Termination "normal"]
[Board "16"]
[WhiteElo "2063"]
[BlackElo "2080"]
[WhiteClock "00:07:42"]
[BlackClock "00:25:11"]
[PlyCount "43"]
[WhiteFideId "16222423"]
[BlackFideId "12999717"]
[EventCountry "GER"]
[EventRounds "9"]
[EventType "swiss"]
[EventDate "2022.06.04"]

1. d4 {[%clk 1:30:52]} Nf6 {[%clk 1:30:49]} 2. Nc3 {[%clk 1:31:12]} d5 {[%clk
1:30:57]} 3. Bf4 {[%clk 1:31:37]} e6 {[%clk 1:30:32]} 4. e3 {[%clk 1:32:01]}
Be7 {[%clk 1:24:55]} 5. g4 {[%clk 1:18:00]} b6 {[%clk 1:14:44]} 6. g5 {[%clk
1:09:40]} Nfd7 {[%clk 1:14:04]} 7. h4 {[%clk 1:09:43]} Bb7 {[%clk 1:13:16]} 8.
Nf3 {[%clk 1:02:02]} a6 {[%clk 1:09:50]} 9. Bh3 {[%clk 0:51:57]} c5 {[%clk
1:08:15]} 10. Qe2 {[%clk 0:44:19]} Nc6 {[%clk 1:08:05]} 11. h5 {[%clk 0:43:27]}
b5 {[%clk 1:04:50]} 12. O-O-O {[%clk 0:38:08]} Qa5 {[%clk 1:00:42]} 13. e4
{[%clk 0:28:28]} dxe4 {[%clk 0:41:12]} 14. Qxe4 {[%clk 0:23:14]} cxd4 {[%clk
0:39:22]} 15. Nxd4 {[%clk 0:22:00]} Nd8 {[%clk 0:37:04]} 16. Qe3 {[%clk
0:17:16]} Nc5 {[%clk 0:29:20]} 17. Rhe1 {[%clk 0:15:04]} b4 {[%clk 0:28:35]}
18. Nf5 {[%clk 0:12:14]} bxc3 {[%clk 0:27:29]} 19. Nxe7 {[%clk 0:12:25]} cxb2+
{[%clk 0:25:40]} 20. Kb1 {[%clk 0:11:36]} Ne4 {[%clk 0:25:15]} 21. Be5 {[%clk
0:07:42]} Qxe5 {[%clk 0:25:11]} 22. Bf1 0-1

[Event "ODJM A 2022"]
[Site "Willingen GER"]
[Date "2022.06.08"]
[Round "5"]
[White "Dornieden, Jonas"]
[Black "Kliashtornyi, Arkadii"]
[Result "1-0"]
[Termination "normal"]
[Board "17"]
[WhiteElo "2069"]
[BlackElo "1755"]
[WhiteClock "00:27:55"]
[BlackClock "00:23:27"]
[PlyCount "49"]
[WhiteFideId "1336460"]
[BlackFideId "34119698"]
[EventCountry "GER"]
[EventRounds "9"]
[EventType "swiss"]
[EventDate "2022.06.04"]

1. e4 {[%clk 1:30:57]} e6 {[%clk 1:30:54]} 2. d4 {[%clk 1:31:22]} d5 {[%clk
1:31:17]} 3. Bd3 {[%clk 1:31:48]} Nf6 {[%clk 1:27:47]} 4. e5 {[%clk 1:32:11]}
Nfd7 {[%clk 1:28:11]} 5. f4 {[%clk 1:32:36]} c5 {[%clk 1:28:26]} 6. c3 {[%clk
1:32:59]} Nc6 {[%clk 1:28:09]} 7. Nf3 {[%clk 1:33:22]} Be7 {[%clk 1:26:29]} 8.
O-O {[%clk 1:32:48]} O-O {[%clk 1:25:00]} 9. Be3 {[%clk 1:23:22]} g6 {[%clk
1:12:15]} 10. Kh1 {[%clk 1:05:23]} cxd4 {[%clk 1:00:36]} 11. cxd4 {[%clk
1:04:54]} Nb6 {[%clk 0:59:00]} 12. Nbd2 {[%clk 0:59:36]} Bd7 {[%clk 0:56:02]}
13. Ng5 {[%clk 0:55:32]} h6 {[%clk 0:52:47]} 14. Nh3 {[%clk 0:45:15]} Kg7
{[%clk 0:46:53]} 15. g4 {[%clk 0:37:06]} f5 {[%clk 0:35:16]} 16. exf6+ {[%clk
0:34:36]} Bxf6 {[%clk 0:33:05]} 17. Nf3 {[%clk 0:32:01]} Nb4 {[%clk 0:29:30]}
18. g5 {[%clk 0:28:03]} hxg5 {[%clk 0:28:23]} 19. fxg5 {[%clk 0:28:21]} Be7
{[%clk 0:27:35]} 20. Bxg6 {[%clk 0:27:24]} Kxg6 {[%clk 0:26:02]} 21. Ne5+
{[%clk 0:26:57]} Kg7 {[%clk 0:25:40]} 22. Qh5 {[%clk 0:27:09]} Qe8 {[%clk
0:24:46]} 23. Qh6+ {[%clk 0:27:24]} Kg8 {[%clk 0:25:09]} 24. g6 {[%clk
0:27:36]} Rf6 {[%clk 0:23:27]} 25. Qh7+ {[%clk 0:27:55]} 1-0

[Event "ODJM A 2022"]
[Site "Willingen GER"]
[Date "2022.06.08"]
[Round "5"]
[White "Weigand, Anton"]
[Black "Bartelt, Max Peter"]
[Result "1-0"]
[Termination "normal"]
[Board "18"]
[WhiteElo "1872"]
[BlackElo "1959"]
[WhiteClock "00:23:21"]
[BlackClock "00:38:07"]
[PlyCount "53"]
[WhiteFideId "16221915"]
[BlackFideId "12967289"]
[EventCountry "GER"]
[EventRounds "9"]
[EventType "swiss"]
[EventDate "2022.06.04"]

1. e4 {[%clk 1:30:56]} e6 {[%clk 1:30:48]} 2. d4 {[%clk 1:31:22]} d5 {[%clk
1:31:14]} 3. Bd3 {[%clk 1:31:44]} Nf6 {[%clk 1:31:39]} 4. e5 {[%clk 1:32:06]}
Nfd7 {[%clk 1:32:05]} 5. f4 {[%clk 1:32:24]} c5 {[%clk 1:32:31]} 6. c3 {[%clk
1:32:47]} Nc6 {[%clk 1:32:59]} 7. Nf3 {[%clk 1:32:59]} cxd4 {[%clk 1:33:16]} 8.
cxd4 {[%clk 1:33:00]} Qb6 {[%clk 1:33:43]} 9. Be2 {[%clk 1:32:02]} Bb4+ {[%clk
1:33:28]} 10. Nc3 {[%clk 1:31:45]} O-O {[%clk 1:33:52]} 11. O-O {[%clk
1:31:16]} f6 {[%clk 1:34:20]} 12. Kh1 {[%clk 1:30:21]} g5 {[%clk 1:25:51]} 13.
exf6 {[%clk 1:12:43]} Nxf6 {[%clk 1:17:53]} 14. fxg5 {[%clk 1:09:39]} Ne4
{[%clk 1:18:18]} 15. Bd3 {[%clk 0:46:05]} Nxc3 {[%clk 0:48:56]} 16. bxc3 {[%clk
0:43:09]} Bxc3 {[%clk 0:49:21]} 17. Bxh7+ {[%clk 0:43:29]} Kxh7 {[%clk
0:49:48]} 18. Qd3+ {[%clk 0:43:28]} Kg7 {[%clk 0:50:14]} 19. Qxc3 {[%clk
0:43:13]} Bd7 {[%clk 0:48:07]} 20. Ba3 {[%clk 0:37:50]} Rf5 {[%clk 0:47:10]}
21. Nh4 {[%clk 0:32:03]} Rxf1+ {[%clk 0:43:21]} 22. Rxf1 {[%clk 0:32:12]} Qxd4
{[%clk 0:40:54]} 23. Qf3 {[%clk 0:24:43]} Qxh4 {[%clk 0:39:48]} 24. Qf6+ {[%clk
0:24:22]} Kg8 {[%clk 0:39:36]} 25. Bf8 {[%clk 0:24:30]} Qd4 {[%clk 0:37:41]}
26. Qf7+ {[%clk 0:22:58]} Kh8 {[%clk 0:38:07]} 27. g6 {[%clk 0:23:21]} 1-0

[Event "ODJM A 2022"]
[Site "Willingen GER"]
[Date "2022.06.08"]
[Round "5"]
[White "Noever, Niklas"]
[Black "Savchenko, Daniel"]
[Result "0-1"]
[Termination "normal"]
[Board "19"]
[WhiteElo "1869"]
[BlackElo "2134"]
[WhiteClock "00:27:22"]
[BlackClock "00:38:18"]
[PlyCount "86"]
[WhiteFideId "12988642"]
[BlackFideId "12919195"]
[EventCountry "GER"]
[EventRounds "9"]
[EventType "swiss"]
[EventDate "2022.06.04"]

1. d4 {[%clk 1:30:57]} d5 {[%clk 1:30:54]} 2. Nf3 {[%clk 1:31:17]} e6 {[%clk
1:30:20]} 3. Bf4 {[%clk 1:30:36]} f5 {[%clk 1:29:51]} 4. e3 {[%clk 1:30:43]}
Nf6 {[%clk 1:30:14]} 5. c4 {[%clk 1:30:17]} c6 {[%clk 1:30:32]} 6. Nc3 {[%clk
1:30:15]} Be7 {[%clk 1:30:48]} 7. h3 {[%clk 1:30:01]} O-O {[%clk 1:30:24]} 8.
Be2 {[%clk 1:30:08]} Ne4 {[%clk 1:27:39]} 9. O-O {[%clk 1:28:53]} Nd7 {[%clk
1:25:45]} 10. Ne5 {[%clk 1:27:43]} Ndf6 {[%clk 1:24:54]} 11. f3 {[%clk
1:26:35]} Nd6 {[%clk 1:24:51]} 12. c5 {[%clk 1:20:30]} Nde8 {[%clk 1:20:09]}
13. Qd2 {[%clk 1:15:21]} Nh5 {[%clk 1:18:26]} 14. Bh2 {[%clk 1:13:48]} g5
{[%clk 1:05:29]} 15. b4 {[%clk 1:09:42]} f4 {[%clk 1:02:00]} 16. Bd3 {[%clk
1:05:30]} Neg7 {[%clk 0:57:05]} 17. b5 {[%clk 0:59:18]} Bd7 {[%clk 0:57:09]}
18. bxc6 {[%clk 0:55:43]} bxc6 {[%clk 0:57:26]} 19. Qc2 {[%clk 0:52:31]} Nf5
{[%clk 0:56:37]} 20. Bxf5 {[%clk 0:48:35]} Rxf5 {[%clk 0:53:54]} 21. Ng4 {[%clk
0:40:31]} Rf8 {[%clk 0:51:25]} 22. e4 {[%clk 0:34:16]} Bf6 {[%clk 0:41:46]} 23.
Nxf6+ {[%clk 0:29:42]} Qxf6 {[%clk 0:40:39]} 24. Ne2 {[%clk 0:25:13]} Be8
{[%clk 0:37:47]} 25. Qa4 {[%clk 0:24:25]} dxe4 {[%clk 0:26:41]} 26. fxe4 {[%clk
0:24:29]} Rb8 {[%clk 0:26:40]} 27. Rae1 {[%clk 0:19:21]} Qg7 {[%clk 0:22:55]}
28. Qc4 {[%clk 0:18:25]} Bf7 {[%clk 0:18:24]} 29. Nc3 {[%clk 0:12:23]} Rb2
{[%clk 0:16:17]} 30. Rb1 {[%clk 0:08:46]} Rfb8 {[%clk 0:12:27]} 31. Kh1 {[%clk
0:07:09]} R8b4 {[%clk 0:10:21]} 32. Qxb4 {[%clk 0:06:39]} Rxb4 {[%clk 0:10:44]}
33. Rxb4 {[%clk 0:07:05]} h6 {[%clk 0:10:51]} 34. Rb8+ {[%clk 0:04:49]} Kh7
{[%clk 0:11:09]} 35. Rd1 {[%clk 0:04:50]} g4 {[%clk 0:10:43]} 36. hxg4 {[%clk
0:01:49]} Qxg4 {[%clk 0:11:02]} 37. Rb2 {[%clk 0:01:45]} Ng3+ {[%clk 0:10:06]}
38. Bxg3 {[%clk 0:00:45]} fxg3 {[%clk 0:10:14]} 39. Ne2 {[%clk 0:00:39]} Bh5
{[%clk 0:09:11]} 40. Kg1 {[%clk 0:00:45]} Qxe4 {[%clk 0:08:42]} 41. Rdd2 {[%clk
0:26:32]} Qe3+ {[%clk 0:37:40]} 42. Kh1 {[%clk 0:26:57]} Bxe2 {[%clk 0:37:55]}
43. Rxe2 {[%clk 0:27:22]} Qc1+ {[%clk 0:38:18]} 0-1

[Event "ODJM A 2022"]
[Site "Willingen GER"]
[Date "2022.06.08"]
[Round "5"]
[White "Hofmann, Lorenz"]
[Black "Fock, Amina"]
[Result "1-0"]
[Termination "normal"]
[Board "20"]
[WhiteElo "2056"]
[BlackElo "1790"]
[WhiteClock "00:21:05"]
[BlackClock "00:11:15"]
[PlyCount "53"]
[WhiteFideId "12995509"]
[BlackFideId "12981982"]
[EventCountry "GER"]
[EventRounds "9"]
[EventType "swiss"]
[EventDate "2022.06.04"]

1. e4 {[%clk 1:30:59]} c5 {[%clk 1:30:54]} 2. Nf3 {[%clk 1:31:25]} d6 {[%clk
1:31:18]} 3. d4 {[%clk 1:31:52]} cxd4 {[%clk 1:31:43]} 4. Nxd4 {[%clk 1:32:17]}
Nf6 {[%clk 1:32:08]} 5. Nc3 {[%clk 1:32:43]} a6 {[%clk 1:32:35]} 6. Bg5 {[%clk
1:33:09]} Nbd7 {[%clk 1:32:32]} 7. Bc4 {[%clk 1:33:32]} e6 {[%clk 1:25:00]} 8.
Qe2 {[%clk 1:33:53]} Qa5 {[%clk 1:18:41]} 9. Bxf6 {[%clk 1:31:20]} Nxf6 {[%clk
1:18:01]} 10. O-O-O {[%clk 1:31:25]} Be7 {[%clk 1:12:59]} 11. Kb1 {[%clk
1:30:11]} O-O {[%clk 1:11:27]} 12. f4 {[%clk 1:27:30]} Bd7 {[%clk 1:05:54]} 13.
Bb3 {[%clk 1:17:51]} Ne8 {[%clk 0:58:07]} 14. g4 {[%clk 1:13:37]} b5 {[%clk
0:55:04]} 15. f5 {[%clk 0:55:43]} Nc7 {[%clk 0:49:45]} 16. fxe6 {[%clk
0:43:27]} fxe6 {[%clk 0:49:30]} 17. Nf5 {[%clk 0:42:03]} Bf6 {[%clk 0:42:14]}
18. Rxd6 {[%clk 0:39:45]} b4 {[%clk 0:33:38]} 19. Nd5 {[%clk 0:33:11]} exd5
{[%clk 0:26:06]} 20. Rxd7 {[%clk 0:33:00]} Rad8 {[%clk 0:26:23]} 21. Rxd8
{[%clk 0:32:08]} Rxd8 {[%clk 0:26:39]} 22. Rd1 {[%clk 0:32:05]} Kf8 {[%clk
0:20:20]} 23. Rf1 {[%clk 0:26:10]} Nb5 {[%clk 0:15:55]} 24. e5 {[%clk 0:22:11]}
Re8 {[%clk 0:15:27]} 25. Nxg7 {[%clk 0:21:16]} Kxg7 {[%clk 0:10:50]} 26. exf6+
{[%clk 0:20:56]} Kf8 {[%clk 0:11:15]} 27. Qd2 {[%clk 0:21:05]} 1-0

[Event "ODJM A 2022"]
[Site "Willingen GER"]
[Date "2022.06.08"]
[Round "5"]
[White "Kamp, Adrian"]
[Black "Pick, Max"]
[Result "0-1"]
[Termination "normal"]
[Board "21"]
[WhiteElo "1969"]
[BlackElo "1841"]
[WhiteClock "00:23:40"]
[BlackClock "00:07:23"]
[PlyCount "64"]
[WhiteFideId "16222466"]
[BlackFideId "16210883"]
[EventCountry "GER"]
[EventRounds "9"]
[EventType "swiss"]
[EventDate "2022.06.04"]

1. e4 {[%clk 1:30:55]} d5 {[%clk 1:30:28]} 2. exd5 {[%clk 1:31:02]} Nf6 {[%clk
1:30:53]} 3. d4 {[%clk 1:30:56]} Nxd5 {[%clk 1:31:13]} 4. c4 {[%clk 1:30:28]}
Nb6 {[%clk 1:30:56]} 5. Nf3 {[%clk 1:28:59]} Bg4 {[%clk 1:31:14]} 6. c5 {[%clk
1:27:08]} Nd5 {[%clk 1:29:45]} 7. Qb3 {[%clk 1:25:45]} Nc6 {[%clk 0:52:56]} 8.
Qxb7 {[%clk 1:23:13]} Ndb4 {[%clk 0:51:44]} 9. Bb5 {[%clk 1:22:21]} Bd7 {[%clk
0:46:30]} 10. d5 {[%clk 1:20:34]} Rb8 {[%clk 0:45:04]} 11. dxc6 {[%clk
1:18:38]} Bf5 {[%clk 0:44:42]} 12. Nd4 {[%clk 1:00:23]} Bd3 {[%clk 0:38:47]}
13. Ba4 {[%clk 0:39:05]} e5 {[%clk 0:30:49]} 14. Nf3 {[%clk 0:31:09]} Bxc5
{[%clk 0:25:30]} 15. Be3 {[%clk 0:29:12]} Bxe3 {[%clk 0:16:48]} 16. fxe3 {[%clk
0:29:28]} Rxb7 {[%clk 0:15:34]} 17. cxb7+ {[%clk 0:29:46]} c6 {[%clk 0:15:50]}
18. Nxe5 {[%clk 0:27:28]} O-O {[%clk 0:15:46]} 19. Nd2 {[%clk 0:25:38]} Qg5
{[%clk 0:14:38]} 20. Nxd3 {[%clk 0:24:26]} Qxe3+ {[%clk 0:14:46]} 21. Kd1
{[%clk 0:24:48]} Nxd3 {[%clk 0:14:42]} 22. Kc2 {[%clk 0:24:52]} Nb4+ {[%clk
0:14:16]} 23. Kc1 {[%clk 0:24:52]} Rd8 {[%clk 0:12:51]} 24. Rd1 {[%clk
0:24:55]} Qc5+ {[%clk 0:13:12]} 25. Kb1 {[%clk 0:25:11]} Qf5+ {[%clk 0:12:49]}
26. Kc1 {[%clk 0:25:23]} Nd3+ {[%clk 0:11:36]} 27. Kb1 {[%clk 0:25:43]} Nb4+
{[%clk 0:06:17]} 28. Kc1 {[%clk 0:25:58]} Rb8 {[%clk 0:06:25]} 29. Nf3 {[%clk
0:24:21]} Nd3+ {[%clk 0:06:27]} 30. Kb1 {[%clk 0:23:25]} Rxb7 {[%clk 0:06:45]}
31. Bb3 {[%clk 0:23:19]} Rxb3 {[%clk 0:07:00]} 32. axb3 {[%clk 0:23:40]} Nb4+
{[%clk 0:07:23]} 0-1

[Event "ODJM A 2022"]
[Site "Willingen GER"]
[Date "2022.06.08"]
[Round "5"]
[White "Schulz, Jannis"]
[Black "Sabirov, Rafael"]
[Result "0-1"]
[Termination "normal"]
[Board "23"]
[WhiteElo "1810"]
[BlackElo "1704"]
[PlyCount "54"]
[WhiteFideId "16224710"]
[BlackFideId "16241185"]
[EventCountry "GER"]
[EventRounds "9"]
[EventType "swiss"]
[EventDate "2022.06.04"]

1. d4 Nf6 2. Nf3 c5 3. e3 g6 4. b3 Bg7 5. Bb2 d5 6. Bd3 Nc6 7. a3 b6 8. O-O O-O
9. Nbd2 Qc7 10. h3 Re8 11. Rb1 Nd7 12. c4 e6 13. Qc2 dxc4 14. Nxc4 cxd4 15.
exd4 Bb7 16. Be4 Nf6 17. Bxc6 Qxc6 18. Qd2 Red8 19. Rfd1 Qb5 20. Ba1 Bxf3 21.
gxf3 Qh5 22. Qf4 Qxh3 23. Ne5 Qh6 24. Qg3 Nd5 25. Rbc1 Nf4 26. Kf1 Bxe5 27.
dxe5 Qh1+ 0-1

[Event "ODJM A 2022"]
[Site "Willingen GER"]
[Date "2022.06.08"]
[Round "5"]
[White "Scherer, Josua"]
[Black "Kotyk, Michael"]
[Result "0-1"]
[Termination "normal"]
[Board "24"]
[WhiteElo "1856"]
[BlackElo "2197"]
[PlyCount "50"]
[WhiteFideId "16244486"]
[BlackFideId "16214501"]
[EventCountry "GER"]
[EventRounds "9"]
[EventType "swiss"]
[EventDate "2022.06.04"]

1. c4 c5 2. Nf3 Nc6 3. Nc3 e5 4. d3 g6 5. g3 Bg7 6. Bg2 d6 7. O-O Nge7 8. a3
O-O 9. Rb1 a5 10. Bd2 h6 11. Ne1 Be6 12. Nd5 Rb8 13. b4 axb4 14. axb4 cxb4 15.
Nxb4 Nxb4 16. Bxb4 b5 17. cxb5 Rxb5 18. Nc2 Qb6 19. Ba3 Bb3 20. Qd2 Rb8 21.
Rfc1 Qa6 22. Ra1 Qb6 23. Qe3 Qd8 24. Qd2 Nf5 25. Nb4 Qa5 0-1

[Event "ODJM A 2022"]
[Site "Willingen GER"]
[Date "2022.06.08"]
[Round "5"]
[White "Kesselmeier, Kevin"]
[Black "Garbuz, Nicole"]
[Result "1-0"]
[Termination "normal"]
[Board "25"]
[WhiteElo "1927"]
[BlackElo "1824"]
[PlyCount "95"]
[WhiteFideId "16217551"]
[BlackFideId "12990701"]
[EventCountry "GER"]
[EventRounds "9"]
[EventType "swiss"]
[EventDate "2022.06.04"]

1. e4 e5 2. Nf3 Nc6 3. Bb5 a6 4. Ba4 Nf6 5. O-O Be7 6. Re1 b5 7. Bb3 O-O 8. a4
Bb7 9. d4 Nxd4 10. Nxd4 exd4 11. e5 Ne8 12. c3 dxc3 13. Nxc3 b4 14. Ne2 c5 15.
Nf4 Nc7 16. Qg4 Kh8 17. Re3 Ne6 18. Rh3 Ng5 19. Rg3 d5 20. exd6 Qxd6 21. Be3
Bc8 22. Qh5 Qh6 23. Qe2 Qd6 24. Rd1 Qc7 25. Nd5 Qe5 26. Nxe7 Ne4 27. Nc6 Nxg3
28. hxg3 Qc7 29. Bxc5 Rg8 30. Rd6 Bb7 31. Bd5 Rac8 32. Qc4 Rge8 33. Qxb4 Bxc6
34. Bxc6 Rb8 35. Qc3 Red8 36. Rxd8+ Rxd8 37. Bd4 f6 38. Bf3 Qd7 39. Be3 Qxa4
40. Qc7 Qe8 41. g4 Rc8 42. Qd6 Rb8 43. Bc6 Qc8 44. b4 Qg8 45. g3 Rd8 46. Qe7
Rd1+ 47. Kh2 Ra1 48. g5 1-0

[Event "ODJM A 2022"]
[Site "Willingen GER"]
[Date "2022.06.08"]
[Round "5"]
[White "Hoffmann, Kay"]
[Black "Kamp, Aaron"]
[Result "1-0"]
[Termination "normal"]
[Board "26"]
[WhiteElo "1607"]
[BlackElo "1790"]
[PlyCount "75"]
[WhiteFideId "16227000"]
[BlackFideId "16231120"]
[EventCountry "GER"]
[EventRounds "9"]
[EventType "swiss"]
[EventDate "2022.06.04"]

1. f4 Nf6 2. Nf3 d5 3. e3 c5 4. b3 g6 5. Bb2 Bg7 6. Bb5+ Bd7 7. Bxd7+ Qxd7 8.
O-O O-O 9. Ne5 Qc7 10. d3 Nc6 11. Nd2 Ne8 12. d4 cxd4 13. exd4 f6 14. Nd3 b6
15. Qg4 f5 16. Qf3 Nf6 17. Ne5 Ne4 18. Nxe4 fxe4 19. Qe2 Nxe5 20. fxe5 Rac8 21.
c4 e6 22. cxd5 exd5 23. Rac1 Qd7 24. Ba3 Rxf1+ 25. Rxf1 Rc3 26. Qd2 Rd3 27. Qb4
Qe8 28. Qd6 e3 29. Qxd5+ Kh8 30. Qe4 Rc3 31. e6 Rc8 32. e7 e2 33. Rf8+ Bxf8 34.
exf8=Q+ Qxf8 35. Bxf8 Rc1+ 36. Kf2 e1=Q+ 37. Qxe1 Rxe1 38. Kxe1 1-0

[Event "ODJM A 2022"]
[Site "Willingen GER"]
[Date "2022.06.08"]
[Round "5"]
[White "Nguyen, Phuc Nhat"]
[Black "Heß, Wadim"]
[Result "1-0"]
[Termination "normal"]
[Board "27"]
[WhiteElo "1839"]
[BlackElo "1374"]
[PlyCount "185"]
[WhiteFideId "16253590"]
[BlackFideId "16266129"]
[EventCountry "GER"]
[EventRounds "9"]
[EventType "swiss"]
[EventDate "2022.06.04"]

1. d4 Nf6 2. c4 g6 3. Nc3 Bg7 4. e4 d6 5. h3 Nbd7 6. Be3 e5 7. d5 Nc5 8. Qc2 a5
9. g4 c6 10. Nge2 cxd5 11. cxd5 Bd7 12. Ng3 h5 13. f3 hxg4 14. hxg4 Rxh1 15.
Nxh1 Rc8 16. Ng3 Qb6 17. Qf2 Qb4 18. a3 Qb3 19. g5 Ng8 20. Qd2 b5 21. Rc1 b4
22. Nb5 Bf8 23. Bc4 Qa4 24. Bxc5 b3 25. Nxd6+ Bxd6 26. Bxd6 Rxc4 27. Rxc4 Qxc4
28. Bxe5 a4 29. Qc3 Qxc3+ 30. Bxc3 Ne7 31. Ke2 Nc8 32. Nf1 Bb5+ 33. Kf2 Nd6 34.
Nd2 Ba6 35. Ke3 Kd7 36. Kd4 Nb5+ 37. Kc5 Nxc3 38. bxc3 Be2 39. Kb4 b2 40. Kxa4
Bxf3 41. Kb3 Bxe4 42. Kxb2 Bxd5 43. c4 Bb7 44. Nb3 Kd6 45. Kc3 f5 46. gxf6 g5
47. Kd4 g4 48. Nc5 Bc6 49. Ne4+ Ke6 50. Ke3 Kf7 51. Kf4 Ke6 52. a4 g3 53. Nxg3
Kxf6 54. a5 Ke6 55. Ke3 Kd6 56. Kd4 Bf3 57. Nf5+ Kc6 58. Ne3 Kb7 59. Kc5 Ka6
60. Kb4 Bc6 61. Nd5 Bd7 62. Nc3 Be6 63. Nd5 Bd7 64. Nc7+ Kb7 65. Nb5 Ka6 66.
Nd4 Be8 67. Nb3 Bf7 68. Nc5+ Ka7 69. Nd3 Ka6 70. Ne5 Be6 71. c5 Bh3 72. Nc4 Bd7
73. Ne5 Bh3 74. Ng6 Bd7 75. Ne7 Kb7 76. Kc4 Ka6 77. c6 Bg4 78. Kb4 Be6 79. Ka4
Bg4 80. Nd5 Bc8 81. Nb4+ Ka7 82. Kb5 Bg4 83. Kc5 Bf5 84. Kd6 Bg4 85. Kc7 Bf5
86. Kd8 Bg4 87. c7 Kb7 88. a6+ Kb6 89. c8=Q Bxc8 90. Kxc8 Ka7 91. Kc7 Ka8 92.
Kb6 Kb8 93. Nd5 1-0

[Event "ODJM A 2022"]
[Site "Willingen GER"]
[Date "2022.06.08"]
[Round "5"]
[White "Seitz, Manuel"]
[Black "Özdemir, Edwin-Daniel"]
[Result "0-1"]
[Termination "normal"]
[Board "28"]
[WhiteElo "1794"]
[BlackElo "1718"]
[PlyCount "88"]
[WhiteFideId "16215770"]
[BlackFideId "12919055"]
[EventCountry "GER"]
[EventRounds "9"]
[EventType "swiss"]
[EventDate "2022.06.04"]

1. e4 c5 2. f4 e6 3. Nf3 a6 4. g3 b5 5. Bg2 Bb7 6. d3 d5 7. Qe2 Be7 8. O-O Nc6
9. a4 dxe4 10. dxe4 Qb6 11. Kh1 Nf6 12. Nbd2 O-O 13. e5 Nd5 14. c4 Nc7 15. Ne4
Nd4 16. Nxd4 cxd4 17. b3 Rab8 18. Ba3 Bxa3 19. Rxa3 bxc4 20. bxc4 Bxe4 21. Bxe4
Qc5 22. Raa1 Rb4 23. Rfc1 Rfb8 24. Rab1 a5 25. Rd1 g6 26. Rdc1 Na6 27. Rxb4
Rxb4 28. Qc2 Nb8 29. h4 Nd7 30. h5 Kg7 31. hxg6 hxg6 32. g4 Nb6 33. Bd3 Nxa4
34. Qh2 Rb2 35. Rc2 Rb1+ 36. Kg2 Rb2 37. f5 Rxc2+ 38. Bxc2 Qxc4 39. f6+ Kg8 40.
Bxa4 Qxa4 41. Qh6 Qc2+ 42. Kf1 Qd3+ 43. Kg2 Qe4+ 44. Kf1 Qf3+ 0-1

[Event "ODJM A 2022"]
[Site "Willingen GER"]
[Date "2022.06.08"]
[Round "5"]
[White "Poggemann, Alexander"]
[Black "Matthes, Benjamin"]
[Result "0-1"]
[Termination "normal"]
[Board "29"]
[WhiteElo "1829"]
[BlackElo "1851"]
[PlyCount "60"]
[WhiteFideId "16224167"]
[BlackFideId "16227298"]
[EventCountry "GER"]
[EventRounds "9"]
[EventType "swiss"]
[EventDate "2022.06.04"]

1. d4 d5 2. Nf3 Nf6 3. e3 e6 4. Bd3 c5 5. b3 Nc6 6. O-O cxd4 7. exd4 Bd6 8. a3
O-O 9. Bb2 Bd7 10. Nbd2 Rc8 11. Ne5 a6 12. f4 g6 13. Kh1 Qe7 14. Qf3 b5 15. Qh3
Rfd8 16. Ndf3 Qe8 17. Ng5 Bf8 18. Ngxf7 Bg7 19. Nxd8 Nxd8 20. Rae1 Rc7 21. g4
Bc8 22. f5 Ne4 23. Bxe4 dxe4 24. f6 Bf8 25. Kg1 Bb7 26. Qg3 Nf7 27. Nxg6 Rxc2
28. Nxf8 Rxb2 29. Qc7 Bd5 30. Nd7 e3 0-1